English in action : book 1 a course for spanish-speaking commercial students /

Guardado en:
Autor Principal: Schiffrin, R. S. de
Formato: Libro
Publicado: Londres : Longmans, 1975
Materias:
Etiquetas: Agregar Etiqueta
Sin Etiquetas, Sea el primero en etiquetar este registro!
LEADER 02036nam a22003855a 4500
001 CEM.cems005879
005 20080404101058.0
008 130507s1975##################000#0#####d
003 CEMS
082 0 4 |a 428.64 
100 1 |a Schiffrin, R. S. de 
245 1 0 |a English in action :  |b book 1 a course for spanish-speaking commercial students /  |c R. S. de Schiffrin, B. A. Uteda, E. J. Golstein 
260 |a Londres :  |b Longmans,  |c 1975 
300 |a 209 p. 
653 |a Inglés 
653 |a Inglés-textos 
859 |a CEMS  |b BIB. CEMS - 11 de abril  |h 428.64  |i Sc32  |p 11013.82  |t Ej.11  |v I  |3 I 
859 |a CEMS  |b BIB. CEMS - 11 de abril  |h 428.64  |i Sc32  |p 11192.82  |t Ej.12  |v I  |3 I 
859 |a CEMS  |b BIB. CEMS - 11 de abril  |h 428.64  |i Sc32  |p 11193.82  |t Ej.13  |v I  |3 I 
859 |a CEMS  |b BIB. CEMS - 11 de abril  |h 428.64  |i Sc32  |p 11194.82  |t Ej.14  |v I  |3 I 
859 |a CEMS  |b BIB. CEMS - 11 de abril  |h 428.64  |i Sc32  |p 11195.82  |t Ej.15  |v I  |3 I 
859 |a CEMS  |b BIB. CEMS - 11 de abril  |h 428.64  |i Sc32  |p 12074.83  |t Ej.16  |v I  |3 I 
859 |a CEMS  |b BIB. CEMS - 11 de abril  |h 428.64  |i Sc32  |p 12741.83  |t Ej.17  |v I  |3 I 
859 |a CEMS  |b BIB. CEMS - 11 de abril  |h 428.64  |i Sc32  |p 14120.86  |t Ej.18  |v I  |3 I 
859 |a CEMS  |b BIB. CEMS - 11 de abril  |h 428.64  |i Sc32  |p 14408.86  |t Ej.19  |v I  |3 I 
859 |a CEMS  |b BIB. CEMS - 11 de abril  |h 428.64  |i Sc32  |p 5253.76  |t Ej.1  |v I  |3 I 
859 |a CEMS  |b BIB. CEMS - 11 de abril  |h 428.64  |i Sc32  |p 5254.76  |t Ej.2  |v I  |3 I 
859 |a CEMS  |b BIB. CEMS - 11 de abril  |h 428.64  |i Sc32  |p 5898.77  |t Ej.3  |v I  |3 I 
859 |a CEMS  |b BIB. CEMS - 11 de abril  |h 428.64  |i Sc32  |p 6538.78  |t Ej.8  |v I  |3 I 
859 |a CEMS  |b BIB. CEMS - 11 de abril  |h 428.64  |i Sc32  |p 6716.79  |t Ej.4  |v I  |3 I 
859 |a CEMS  |b BIB. CEMS - 11 de abril  |h 428.64  |i Sc32  |p 7930.80  |t Ej.5  |v I  |3 I 
859 |a CEMS  |b BIB. CEMS - 11 de abril  |h 428.64  |i Sc32  |p 7931.80  |t Ej.6  |v I  |3 I 
859 |a CEMS  |b BIB. CEMS - 11 de abril  |h 428.64  |i Sc32  |p 8020.80  |t Ej.7  |v I  |3 I 
859 |a CEMS  |b BIB. CEMS - 11 de abril  |h 428.64  |i Sc32  |p 9299.81  |t Ej.9  |v I  |3 I 
859 |a CEMS  |b BIB. CEMS - 11 de abril  |h 428.64  |i Sc32  |p 9300.81  |t Ej.10  |v I  |3 I